countries without mountains - Statistics

General Stats
  • This quiz has been taken 97 times
    61 since last reset
  • The average score is 7 of 11
Answer Stats
Hint Answer % Correct
Europe Netherlands
81%
Europe Vatican City
79%
Europe Denmark
71%
Europe Latvia
71%
Europe Estonia
69%
Europe Lithuania
69%
Europe Belarus
67%
Europe Moldova
54%
Africa Gambia
50%
Africa Guinea-Bissau
35%
Asia Kuwait
27%
No matching quizzes found
Score Distribution
Percent of People with Each Score
Percentile by Number Answered
Your Score History
You have not taken this quiz since the last reset